000 01524nam a22004337a 4500
003 OSt
005 20230531143446.0
008 221006b |||||||| |||| 00| 0 eng d
040 _cBiblioteca Lado V
082 _a779
_bF754p
100 _9839
_aFoster, Alasdair
_eeditor
245 _aPhotofile/
_bPhotomedia journal/
260 _aAustralia
_bAustralian Centre for Photography
_c1999
300 _c22x28cm
_a64p.
366 _eeng
490 _a57
_v1999
505 _aEditorial: Close Strangers
505 _aThe Strange & the Uncanny
505 _aThe Call to Order
505 _aPages from The City of Strangers
505 _aAn Intermediate Period
505 _aTerrain Vague
505 _aImages from Royal Derwent Hospital
505 _aParking Stations
505 _aStrange Displays: Jungles movies, captivity and the department store
505 _aLeisureland
505 _aFatal Natalities: The algebra of diaspora and the department store
505 _aWho are we & where we live, Now
505 _aThe Secret Little Bay
505 _aDial H-I-S-T-O-R-Y
505 _aThe Sweetest Path
505 _aLaudanum
650 _2Tesauro de Arte & Arquitectura
_aARTE
_9703
650 _2Tesauro de Arte & Arquitectura
_aEXPOSICIONES
_9702
650 _2Tesauro de Arte & Arquitectura
_aFOTOGRAFIA
_9702
650 _2Tesauro de Arte & Arquitectura
_aPUBLICACION PERIODICA
650 _2Tesauro de Arte & Arquitectura
_aINGLES
942 _2ddc
_c1
_h779
_iF754p
_n0
999 _c3779
_d3779